Przetłumacz na język Angielski(1) - Statystyki

Ogólne statystyki
  • Ten quiz został rozwiązany 368 razy
  • Średni wynik to 7 z 10
Statystyki odpowiedzi
Polski Angielski % Poprawnych
długopis pen
97%
dom house
95%
ogród garden
92%
zegar clock
88%
ołówek pencil
84%
marker marker
68%
gumka rubber
61%
szafa wardrobe
60%
piekarnik oven
52%
linijka ruler
51%
Nie znaleziono quizów pasujących do podanych kryteriów
Rozkład punktacji
Procent ludzi z każdym wynikiem
Percentyl według liczby udzielonych odpowiedzi
Twoja historia wyników
Nie rozwiązałeś tego quizu